| 000 | 00884cam a22002891 4500 | ||
|---|---|---|---|
| 001 | 76653 | ||
| 003 | BD-RjUL | ||
| 005 | 20211209082853.0 | ||
| 008 | 191230s1947 enka 000 0 eng | ||
| 035 | _a(BD-RjUL)76877 | ||
| 035 | _a(OCoLC)1679204 | ||
| 040 |
_aDLC _cFMU _dDLC _beng |
||
| 041 | _aeng | ||
| 042 | _apremarc | ||
| 082 |
_a358.542 _223 _bGID 1947 |
||
| 100 | 1 |
_aGillespie, James J. _9237159 |
|
| 245 | 1 | 0 |
_aDynamic motion and time study / _cby James J. Gillespie, assisted by Charles H. J. Cooper. With an appreciation by R. E. Lane. |
| 260 |
_aLondon, _bP. Elek _c[1947] |
||
| 300 |
_a95 p. : _billus.; _c22 cm. |
||
| 500 | _a"Book references": p. 94. | ||
| 650 | 0 |
_aJob analysis. _9237160 |
|
| 700 | 1 |
_aCooper, Charles H. J. _9237162 |
|
| 906 |
_a7 _bcbc _coclcrpl _du _encip _f19 _gy-gencatlg |
||
| 942 |
_2ddc _cBK |
||
| 999 |
_c76653 _d76653 |
||